000 02613nam a22003497a 4500
008 081216t xxu||||| |||| 00| 0 eng d
010 _aB-272040-047
020 _a9788180693489
_c650.00
020 _a8180693481
_c650.00
035 _aB-272040-047
040 _adpl
_bEnglish
082 _a378.175
100 _aJalihal, K.A.
245 _aFundamentals of extension education and management extension /
_cby K.A. Jalihal [and] V. Veerabhadraiah
260 _aNew Delhi
_bConcept Publishing
_c2007
270 _aA/15-16, Commercial Block, Mohan Garden,
_bNew Delhi
_e110059
300 _axii, 312p.
_c22cm (Hb)
500 _aIncludes bibliographical references and index
700 _aVeerabhadraiah, V.
942 _2ddc
_cEN
_h378.175
_mJAL
999 _c19913
_d19913